Mind tools : The five levels of mathematical reality

Tallennettuna:
Bibliografiset tiedot
Päätekijä: Rucker, Rudy
Aineistotyyppi: Kirja
Kieli:Undetermined
Julkaistu: New York Penguin Books 1987
Aiheet:
Tagit: Lisää tagi
Ei tageja, Lisää ensimmäinen tagi!
Thư viện lưu trữ: Trung tâm Học liệu Trường Đại học Cần Thơ
LEADER 00498nam a2200193Ia 4500
001 CTU_79001
008 210402s9999 xx 000 0 und d
082 |a 511 
082 |b R911 
100 |a Rucker, Rudy 
245 0 |a Mind tools : 
245 4 |b The five levels of mathematical reality 
245 0 |c Rudy Rucker 
260 |a New York 
260 |b Penguin Books 
260 |c 1987 
650 |a Mathematics 
650 |x Philosophy 
980 |a Trung tâm Học liệu Trường Đại học Cần Thơ